Music Quiz

Random Music or Album Quiz

The Last Word: Albums Quiz Stats

 Plays Quiz Updated Mar 19, 2018

Score 0/36 Timer 05:00
12 Plays Today
Hint Answer % Correct
AC/DCHell
96.6%
The BeatlesRoad
95.3%
Bon JoviWet
93.4%
The Beach BoysU.S.A.
91.4%
AC/DCBlack
91.3%
The ClashCalling
89.1%
Bryan AdamsKnife
84.7%
The Beach BoysUp
84.2%
Bob DylanBlonde
75.8%
AC/DCEdge
75.3%
The BeatlesSoul
72.8%
The Beach BoysSounds
70.9%
Phil CollinsRequired
69.2%
DoorsWoman
67.3%
The BeatlesSale
62.2%
Neil DiamondSinger
61.6%
Neil DiamondFlowers
60.5%
Bon JoviFaith
55.2%
Hint Answer % Correct
AbbaTrouper
53.6%
DoorsDays
50.4%
AbbaMusic
48.7%
Bob DylanTracks
46.6%
AbbaRing
43.2%
Eric ClaptonBoulevard
41.5%
The ClashRock
38.4%
Bryan AdamsNeighbours
38.4%
Neil DiamondDark
37.9%
Bryan AdamsFire
37.7%
DoorsHotel
37.6%
The ClashRope
37.2%
Phil CollinsSeriously
36.1%
Phil CollinsValue
30.6%
Bob DylanHarding
28.7%
Eric ClaptonCry
24.7%
Bon JoviJersey
18.1%
Eric ClaptonCigarettes
10.9%

You're not logged in!

Compare scores with friends on all Sporcle quizzes.
OR
Log In

You Might Also Like...

Show Comments

Extras

Top Quizzes Today


Score Distribution

Your Account Isn't Verified!

In order to create a playlist on Sporcle, you need to verify the email address you used during registration. Go to your Sporcle Settings to finish the process.

Report this User

Report this user for behavior that violates our Community Guidelines.

Details: